La reeducación del razonamiento matemático
Збережено в:
| Автор: | |
|---|---|
| Формат: | Книга |
| Мова: | Іспанська |
| Опубліковано: |
Madrid
Visor
1985
|
| Серія: | Aprendizaje Visor, 3
|
| Предмети: | |
| Теги: |
Додати тег
Немає тегів, Будьте першим, хто поставить тег для цього запису!
|
MARC
| LEADER | 00000nam a2200000 a 4500 | ||
|---|---|---|---|
| 001 | UCW3766 | ||
| 003 | CL-VaPUC | ||
| 008 | 890112e19850000SP |||||||||||||||||spa|d | ||
| 082 | 0 | 4 | |a 372.7 |b JAU |2 21 |
| 100 | |a Jaulin-Mannoni, Francine |e author |9 474062 | ||
| 245 | 1 | 3 | |a La reeducación del razonamiento matemático |
| 300 | |a 171 p | ||
| 942 | |c BK | ||
| 945 | |d 19890112 00:00:00 |a rbrito | ||
| 260 | |a Madrid |b Visor |c 1985 | ||
| 650 | 0 | |a Matemática |9 260235 | |
| 650 | 0 | |a Enseñanza |9 256457 | |
| 583 | |a last modification |c 19890112 00:00:00 |k Rodrigo Vera | ||
| 490 | 0 | |a Aprendizaje Visor, 3 | |
| 999 | |c 217665 |d 217663 | ||
| 952 | |0 0 |1 0 |4 0 |6 372_700000000000000_JAU_1985 |7 0 |8 P |9 205665 |a BIBEDU |b BIBEDU |c BIBEDU_PB |d 2019-11-15 |i 2736373 |o 372.7 JAU 1985 |p 2736373 |r 2024-01-25 |w 2019-11-15 |y BK |k EDU | ||
| 952 | |0 0 |1 0 |4 0 |6 372_700000000000000_JAU_1985 |7 0 |8 P |9 205666 |a BIBEDU |b BIBEDU |c BIBEDU_PB |d 2019-11-15 |i 2736381 |o 372.7 JAU 1985 |p 2736381 |r 2024-01-25 |w 2019-11-15 |y BK |k EDU | ||
| 952 | |0 0 |1 0 |4 0 |6 372_700000000000000_JAU_1985 |7 0 |8 P |9 205667 |a BIBEDU |b BIBEDU |c BIBEDU_PB |d 2019-11-15 |i 2976579 |o 372.7 JAU 1985 |p 2976579 |r 2024-01-25 |w 2019-11-15 |y BK |k EPE | ||
| 952 | |0 0 |1 0 |4 0 |6 372_700000000000000_JAU_1985 |7 0 |8 P |9 205668 |a BIBEDU |b BIBEDU |c BIBEDU_PB |d 2019-11-15 |i 1538055 |o 372.7 JAU 1985 |p 1538055 |r 2024-01-25 |w 2019-11-15 |y BK |k EDU | ||